000 00673nam a22002057a 4500
999 _c168743
_d168743
003 dpl
005 20191023124658.0
008 191023b ||||| |||| 00| 0 eng d
010 _aA-716389
020 _a8170188067
040 _c0
082 _a230.22
_bDEB
100 _aDebroy, Bibek and Debroy, Dipavali
245 _aThe Puranas/
_cBibek Debroy and Dipavali Debroy
_hEN
260 _aDelhi
_bB R Publishing Corporation
_c1994
270 _a1, Ansari Road, Darya Ganj
_bNew Delhi
_e110002
_k011-2361465
_l091031326438
_zVol.2
300 _ai-xvii;553p.
_c15cm
500 _aContents with Glossary
942 _2ddc
_cEN
_h230.22
_iDEB
_k230.22
_mDEB